Juan Salvador gaviota (Registro nro. 46390)
[ vista simple ]
| 000 -CABECERA | |
|---|---|
| Longitud fija campo de control | 00597nam a2200217Ii 4500 |
| 003 - IDENTIFICADOR DEL NUMERO DE CONTROL | |
| Identificador del número de control | CO-ViMGA |
| 008 - CODIGOS DE INFORMACION DE LONGITUD FIJA | |
| Códigos de información de longitud fija | 241108s9999||||xx |||||||||||||| ||und|| |
| 020 ## - NUMERO INTERNACIONAL NORMALIZADO PARA LIBROS | |
| Número Internacional Normalizado para Libros (ISBN) | 9509002364 |
| 040 ## - FUENTE DE LA CATALOGACION | |
| Centro catalogador de origen | CO-ViMGA |
| Lengua de catalogación | spa |
| Normas de descripción | rda |
| Centro transcriptor | CO-ViMGA |
| 041 0# - CODIGO DE LENGUA | |
| Código de lengua del texto/banda sonora o título independiente | spa |
| 082 04 - NUMERO DE LA CLASIFICACION DECIMAL DEWEY | |
| Número de clasificación (R) | F.FC 813 -B118 |
| 100 1# - PUNTO DE ACCESO PRINCIPAL-NOMBRE DE PERSONA | |
| Nombre de persona | Richard Bach |
| 245 10 - TITULO PROPIAMENTE DICHO | |
| Título | Juan Salvador gaviota |
| 264 #1 - PRODUCCION, PUBLICACION , DISTRIBUCION, FABRICACION Y COPYRIGHT | |
| Lugar de producción, publicación, distribución, fabricación | Santiago, Chile : Pomaire, 1984 |
| 300 ## - DESCRIPCION FISICA | |
| Extensión | volumen |
| 336 ## - TIPO DE CONTENIDO | |
| Término de tipo de contenido | text |
| Código de tipo de contenido | txt |
| Fuente | rdacontent |
| 337 ## - TIPO DE MEDIO | |
| Nombre del tipo de medio | unmediated |
| Código del tipo de medio | n |
| Fuente | rdamedia |
| 338 ## - TIPO DE SOPORTE | |
| Nombre del tipo de soporte | volume |
| Código del tipo de soporte | nc |
| Fuente | rdacarrier |
| 940 ## - | |
| T&íacute;tulo uniforme | <a href="idficha_siabuc: 13120. -- ficha_no_siabuc:13418">idficha_siabuc: 13120. -- ficha_no_siabuc:13418</a> |
| Perdido | Estado Físico | No para préstamo | Forma de adquisición | Localización permanente | Localización actual | Localización en estanterías | Fecha adquisición | Signatura completa | Código de barras | Fecha última consulta | Número de copia | Fecha del precio de reemplazo | Tipo de item de Koha | Note pública | Fuente de clasificación o esquema | Fuente de adquisición | Calificador de ubicación codificada | Préstamos totales |
|---|---|---|---|---|---|---|---|---|---|---|---|---|---|---|---|---|---|---|
| Fondo Bibliográfico Familia Carranza | Biblioteca Pública Departamental Eduardo Carranza - Villavicencio | Biblioteca Pública Departamental Eduardo Carranza - Villavicencio | Local Patrimonial | 08/14/2007 | F.FC 813 -B118 | ECA17989 | 11/26/2024 | Ej.1 | 11/26/2024 | LIbro | 13120 | 17412 | |||||||
| Colección General | Biblioteca Pública Rural El Yarí- vereda Playa Rica La Macarena | Biblioteca Pública Rural El Yarí- vereda Playa Rica La Macarena | General | 04/12/2022 | F.FC 813 -B118 | 9788498721720 | 04/15/2025 | Ej.1 | 04/15/2025 | LIbro | Dewey Decimal Classification | ministerio de cultura | 9788498721720 |